[Event "?"]
[Site "?"]
[Date "????.??.??"]
[Round "?"]
[White "Betz, E."]
[Black "Durst, U."]
[Result "0-1"]
[WhiteElo "2035"]
[BlackElo "2130"]
[PlyCount "90"]

1. e4 d6 2. d4 Nf6 3. Nc3 g6 4. Be2 c6 5. Be3 Nbd7 6. Qd2 b5 7. a3 a6 8. h4 h5
9. f3 Bb7 10. Nh3 Qc7 11. Ng5 Bg7 12. Rd1 c5 13. d5 b4 14. Na2 a5 15. a4 Ba6
16. c4 bxc3 17. Nxc3 Ne5 18. Bxa6 Rxa6 19. Nb5 Qd7 20. Qe2 O-O 21. O-O Nh7 22.
b3 Rc8 23. Rc1 Raa8 24. Rc2 Nf6 25. Bd2 Ne8 26. f4 Ng4 27. f5 Nc7 28. fxg6 fxg6
29. Nxc7 Rxc7 30. Bc3 Bd4+ 31. Bxd4 cxd4 32. Rxc7 Qxc7 33. Qf3 Ne5 34. Qf4 e6
35. Qf6 Re8 36. Nxe6 Qa7 37. Qf4 d3+ 38. Kh1 Qe7 39. Ng5 Rb8 40. Rc1 Rf8 41.
Qd2 Ng4 42. Nf3 Qxe4 43. Rc4 Rxf3 44. gxf3 Qxf3+ 45. Kg1 Qg3+ 0-1

[Event "?"]
[Site "?"]
[Date "????.??.??"]
[Round "?"]
[White "Samuelsson, S G."]
[Black "Johannessen, S."]
[Result "0-1"]
[WhiteElo "2141"]
[BlackElo "2252"]
[PlyCount "86"]

1. d4 Nf6 2. c4 d6 3. Nf3 Nbd7 4. g3 e5 5. Nc3 Be7 6. Bg2 O-O 7. O-O Re8 8. Qc2
Bf8 9. e4 c6 10. h3 a6 11. Rd1 Qc7 12. Be3 b5 13. cxb5 cxb5 14. Rac1 b4 15. Nd5
Qxc2 16. Rxc2 Nxd5 17. exd5 e4 18. Nd2 Nf6 19. Bg5 Bf5 20. Bxf6 e3 21. Ne4 Rxe4
22. fxe3 gxf6 23. Bxe4 Bxe4 24. Rc7 Bxd5 25. b3 a5 26. Rdc1 a4 27. Rc8 Rxc8 28.
Rxc8 axb3 29. axb3 Bxb3 30. Rb8 Be6 31. Rxb4 Bxh3 32. Rb8 Bf5 33. Kf2 d5 34.
Rd8 Be4 35. g4 Kg7 36. Rd7 Kg6 37. Rd8 Bg7 38. Rd7 Bh6 39. Rd8 f5 40. Rd6+ f6
41. gxf5+ Kxf5 42. Rd8 Kg4 43. Rg8+ Bg5 0-1

[Event "?"]
[Site "?"]
[Date "????.??.??"]
[Round "?"]
[White "Hoen, R."]
[Black "Soederborg, B."]
[Result "1-0"]
[WhiteElo "2280"]
[BlackElo "2198"]
[PlyCount "67"]

1. e4 c5 2. Nf3 d6 3. d4 cxd4 4. Nxd4 Nf6 5. Nc3 a6 6. Bc4 e6 7. Bb3 b5 8. a3
Be7 9. O-O O-O 10. Qe2 Qc7 11. Bg5 Re8 12. Rad1 Bb7 13. f4 Nbd7 14. f5 exf5 15.
Nxf5 Bf8 16. Nh6+ gxh6 17. Bxf6 Nxf6 18. Rxf6 Re7 19. Rdf1 d5 20. Nxd5 Qc5+ 21.
Kh1 Bxd5 22. Qg4+ Bg7 23. Bxd5 Rf8 24. c3 Qa7 25. Rxh6 Kh8 26. Rh5 Re5 27. Rxe5
Bxe5 28. Qf5 f6 29. Qxe5 fxe5 30. Rxf8+ Kg7 31. Rf7+ Qxf7 32. Bxf7 Kxf7 33. Kg1
a5 34. b3 1-0

[Event "?"]
[Site "?"]
[Date "????.??.??"]
[Round "?"]
[White "Nordstroem, F."]
[Black "Kristiansen, E."]
[Result "1/2-1/2"]
[WhiteElo "2198"]
[BlackElo "2232"]
[PlyCount "30"]
[EventDate "2006.02.24"]

1. d4 Nf6 2. c4 e6 3. Nc3 d5 4. Bg5 Be7 5. e3 O-O 6. Nf3 b6 7. Rc1 Bb7 8. Bxf6
Bxf6 9. cxd5 exd5 10. b4 Qe7 11. Qb3 Rd8 12. Be2 c5 13. bxc5 bxc5 14. dxc5 d4
15. Nxd4 Bxd4 1/2-1/2

[Event "?"]
[Site "?"]
[Date "????.??.??"]
[Round "?"]
[White "Ofstad, P."]
[Black "Svensson, L."]
[Result "1-0"]
[WhiteElo "2173"]
[BlackElo "2165"]
[PlyCount "66"]

1. e4 e5 2. Nf3 Nc6 3. d4 exd4 4. Nxd4 Qh4 5. Be3 Qxe4 6. Nd2 Qh4 7. Nb5 Kd8 8.
Nf3 Qb4+ 9. c3 Qg4 10. Qb3 Qg6 11. O-O-O d6 12. Nbd4 Nge7 13. Bd3 Qh5 14. h3 f6
15. g4 Qa5 16. Rhe1 Ne5 17. Be4 h5 18. Ne6+ Bxe6 19. Qxe6 hxg4 20. hxg4 Qb5 21.
Bf4 Qd7 22. Qb3 Nxg4 23. Qxb7 Rc8 24. Bg3 Rh5 25. Nd4 Rc5 26. Qxa7 Ne5 27. Ne6+
Qxe6 28. Qxc5 Qxa2 29. Bxe5 fxe5 30. Qxe5 Rb8 31. Re2 Nc6 32. Qf5 Be7 33. Rh1
Qg8 1-0

[Event "?"]
[Site "?"]
[Date "????.??.??"]
[Round "?"]
[White "Crombleholme, A."]
[Black "Rudnik"]
[Result "0-1"]
[WhiteElo "2104"]
[BlackElo "2179"]
[PlyCount "78"]

1. d4 Nf6 2. c4 g6 3. Nc3 Bg7 4. e4 d6 5. Be2 O-O 6. Nf3 c6 7. O-O a6 8. a4
Nbd7 9. Re1 Rb8 10. Bf1 c5 11. e5 Ne8 12. Bg5 f6 13. exf6 Nexf6 14. Qd2 cxd4
15. Nxd4 Ne5 16. Rad1 Bd7 17. b3 Kh8 18. h3 Rc8 19. Ne4 Qb6 20. f4 Nxe4 21.
Rxe4 Bf5 22. Re3 Nc6 23. Nxc6 bxc6 24. a5 Qa7 25. Kh1 e5 26. g4 Be6 27. f5 gxf5
28. Qxd6 Bg8 29. Be7 Qxe3 30. Bxf8 Rxf8 31. gxf5 Rxf5 32. Bg2 Qxb3 33. Qd7 Rf7
34. Qg4 Rf4 35. Qd7 Rd4 36. Rxd4 exd4 37. Bxc6 Qd1+ 38. Kg2 Qe2+ 39. Kg1 d3 0-1

[Event "?"]
[Site "?"]
[Date "????.??.??"]
[Round "?"]
[White "Edwards, R."]
[Black "Koksch, G."]
[Result "0-1"]
[WhiteElo "2093"]
[BlackElo "2142"]
[PlyCount "72"]

1. d4 e6 2. c4 b6 3. Nc3 Bb7 4. a3 f5 5. Nf3 Nf6 6. d5 Be7 7. g3 O-O 8. Bg2 a5
9. O-O Na6 10. Bf4 Nc5 11. Nd4 a4 12. Ndb5 Ne8 13. d6 cxd6 14. Nxd6 Bxg2 15.
Kxg2 Bf6 16. Rc1 Ra5 17. Rc2 Nb3 18. Ncb5 Qa8+ 19. Kg1 Qc6 20. Qd3 e5 21. Nxe8
Rxe8 22. Bd2 e4 23. Qd6 Raa8 24. Qxc6 dxc6 25. Nc7 Nd4 26. Nxe8 Rxe8 27. Rfc1
Nxe2+ 28. Kf1 Nxc1 29. Bxc1 Rd8 30. Ke2 Kf7 31. Rd2 Rxd2+ 32. Kxd2 Bg5+ 33. Kc2
Bxc1 34. Kxc1 Ke6 35. Kd2 Ke5 36. Ke3 g5 0-1

[Event "?"]
[Site "?"]
[Date "????.??.??"]
[Round "?"]
[White "Duemmke, J."]
[Black "Singleton, M."]
[Result "0-1"]
[WhiteElo "2099"]
[BlackElo "2157"]
[PlyCount "86"]

1. e4 c5 2. Nf3 Nc6 3. Bb5 g6 4. Bxc6 dxc6 5. d3 Bg7 6. Nbd2 Nf6 7. a4 O-O 8.
a5 h6 9. Nc4 Be6 10. Nfe5 Qc7 11. f4 b5 12. axb6 axb6 13. Bd2 b5 14. Ba5 Qb7
15. Ne3 b4 16. O-O Ra6 17. f5 gxf5 18. Nxf5 Bxf5 19. Rxf5 e6 20. Rf3 Nxe4 21.
Nxf7 Rxf7 22. dxe4 Rxf3 23. Qxf3 Bxb2 24. Rf1 Qg7 25. Bc7 Ra1 26. Rxa1 Bxa1 27.
Bf4 Bd4+ 28. Kh1 Qf6 29. h3 e5 30. Bd2 Qxf3 31. gxf3 Kg7 32. Kg2 Bb2 33. f4
exf4 34. Kf3 Ba3 35. Kxf4 c4 36. Kf5 Kf7 37. e5 b3 38. cxb3 cxb3 39. e6+ Ke7
40. Bc3 b2 41. Bf6+ Ke8 42. Bxb2 Bxb2 43. Kg6 Ke7 0-1

[Event "?"]
[Site "?"]
[Date "????.??.??"]
[Round "?"]
[White "Taksrud, V."]
[Black "Bondick, K H."]
[Result "1-0"]
[WhiteElo "2087"]
[BlackElo "2165"]
[PlyCount "59"]

1. d4 d5 2. Nf3 e6 3. g3 Be7 4. Bg2 f5 5. O-O Nf6 6. Nbd2 O-O 7. c4 c6 8. c5 b6
9. Nb3 Ne4 10. Ne5 bxc5 11. f3 c4 12. fxe4 cxb3 13. exd5 cxd5 14. Qxb3 Qb6 15.
Qd3 Nd7 16. Be3 Bd6 17. Rac1 Qxb2 18. Rxc8 Rfxc8 19. Nxd7 Rc3 20. Qa6 Rxe3 21.
Qxd6 Rxe2 22. Bf3 Qxd4+ 23. Kh1 Re3 24. Rd1 Qb2 25. Bxd5 Rc8 26. Bxe6+ Kh8 27.
Ne5 Re8 28. Qd7 Rf8 29. Qe7 Qb8 30. Ng6+ 1-0

[Event "?"]
[Site "?"]
[Date "????.??.??"]
[Round "?"]
[White "Haug, K."]
[Black "Reinholz, S."]
[Result "0-1"]
[WhiteElo "1993"]
[BlackElo "2081"]
[PlyCount "136"]

1. c4 e5 2. Nc3 Nf6 3. e4 Bc5 4. Be2 Nc6 5. Nf3 d6 6. O-O O-O 7. h3 h6 8. d3
Nh7 9. a3 a5 10. Be3 Nd4 11. Na4 Nxe2+ 12. Qxe2 Bxe3 13. Qxe3 c5 14. Nc3 f5 15.
exf5 Bxf5 16. Ne4 Qe7 17. Ng3 Bd7 18. Rad1 Qf7 19. Nd2 Bc6 20. Nde4 Rad8 21.
Qd2 a4 22. Qc3 Qd7 23. Rb1 Nf6 24. b4 axb3 25. Qxb3 g5 26. Qd1 Qe6 27. Qc1 Nxe4
28. dxe4 Rf4 29. f3 Rf7 30. Nf5 Ra8 31. h4 Qf6 32. g4 Rh7 33. h5 Qe6 34. Rd1
Rd7 35. Rd3 Ra4 36. Rc3 Kh7 37. Qc2 Ra6 38. Qd2 Ba4 39. Rb2 Kg8 40. Qe2 Kf8 41.
Rd2 Ke8 42. Qe1 Kd8 43. Qc1 Kc8 44. Rcd3 Rb6 45. Rd5 Kc7 46. Qc3 Ra6 47. Qd3
Rb6 48. Qc3 Ra6 49. Kg2 Qf6 50. R2d3 Qe6 51. Qd2 Qf6 52. Rxc5+ dxc5 53. Rxd7+
Bxd7 54. Qd5 Bxf5 55. gxf5 Qd6 56. Qf7+ Qd7 57. Qf8 Qd6 58. Qe8 Kb6 59. Qb5+
Ka7 60. f6 Qxf6 61. Qxc5+ Rb6 62. a4 Qd6 63. Qa5+ Ra6 64. Qb5 Qc6 65. Qxe5 Rxa4
66. c5 Ra5 67. Qg7 Ra2+ 68. Kg3 Qxc5 0-1

[Event "?"]
[Site "?"]
[Date "????.??.??"]
[Round "?"]
[White "Feavyour, J."]
[Black "Salov, S."]
[Result "0-1"]
[WhiteElo "2068"]
[BlackElo "2304"]
[PlyCount "84"]

1. d4 Nf6 2. c4 c5 3. d5 e5 4. Nc3 d6 5. e4 Be7 6. Nf3 O-O 7. h3 Ne8 8. Bd3 Nd7
9. Qe2 a6 10. a4 Rb8 11. O-O g6 12. g4 Ng7 13. Kh2 Nf6 14. Ng1 h5 15. f3 Nh7
16. Qg2 Bg5 17. Nge2 Bd7 18. Rg1 Bxc1 19. Raxc1 Qg5 20. Qf2 Kh8 21. f4 exf4 22.
Qxf4 Qe7 23. Rcf1 Rbe8 24. g5 Qe5 25. h4 Bg4 26. Qxe5 Rxe5 27. Nf4 Ne8 28. Nd1
Nc7 29. Ne3 Bd7 30. b3 Kg8 31. Rg2 Ra8 32. Rgf2 Be8 33. Neg2 f6 34. gxf6 Nxf6
35. Ne3 Nxe4 36. Bxe4 Rxe4 37. Rf3 b5 38. axb5 axb5 39. Rg1 Ra2+ 40. Kh1 Kh7
41. cxb5 Nxb5 42. Ne6 Rxh4+ 0-1

[Event "?"]
[Site "?"]
[Date "????.??.??"]
[Round "?"]
[White "Lomer, E."]
[Black "Macdonald-Ross, S."]
[Result "0-1"]
[WhiteElo "2143"]
[BlackElo "2065"]
[PlyCount "102"]

1. Nf3 c5 2. g3 g6 3. Bg2 Bg7 4. c4 Nc6 5. Nc3 e6 6. O-O Nge7 7. d3 O-O 8. Be3
d6 9. Qc1 Nf5 10. Bf4 Ncd4 11. Nxd4 cxd4 12. Nb5 a6 13. Na3 h6 14. c5 d5 15. g4
Nh4 16. Bxh6 Nxg2 17. Bxg7 Kxg7 18. Kxg2 e5 19. h3 Qh4 20. Rh1 Rh8 21. f3 f5
22. Qe1 Qg5 23. Qg3 f4 24. Qe1 Qe7 25. Rc1 Bd7 26. Qa5 Bc6 27. Nc2 Rad8 28. Kf1
Rc8 29. a4 Rh7 30. Nb4 Qh4 31. Nxc6 Rxc6 32. Qe1 Qe7 33. Qa5 Qh4 34. Qe1 Qe7
35. Qb4 b6 36. Kg2 bxc5 37. Qb3 Qf7 38. h4 c4 39. Qb8 Qe7 40. h5 gxh5 41. gxh5
Rh8 42. Qxh8+ Kxh8 43. Kf2 e4 44. fxe4 dxe4 45. dxc4 Qc5 46. Kf1 Qb4 47. Rh4
Qxb2 48. Rd1 Rf6 49. Re1 e3 50. Rh3 f3 51. Rg3 Qd2 0-1

[Event "?"]
[Site "?"]
[Date "????.??.??"]
[Round "?"]
[White "Eyer, K."]
[Black "Potthammel, J."]
[Result "1/2-1/2"]
[WhiteElo "2032"]
[BlackElo "2109"]
[PlyCount "67"]

1. e4 c6 2. d4 d5 3. Nc3 dxe4 4. Nxe4 Bf5 5. Ng3 Bg6 6. f4 e6 7. Nf3 Nd7 8. Bd3
Bd6 9. Ne5 Ngf6 10. Nxg6 hxg6 11. Ne4 Nxe4 12. Bxe4 Qb6 13. c3 O-O-O 14. Qf3
Nf6 15. Bd3 c5 16. dxc5 Qxc5 17. Be3 Qd5 18. Be2 b6 19. Rd1 Qxf3 20. Bxf3 Bc5
21. Kf2 Rxd1 22. Bxd1 Rd8 23. Bxc5 bxc5 24. Ke3 Kc7 25. Bf3 Rb8 26. b3 Nd5+ 27.
Bxd5 exd5 28. Kd3 Re8 29. Rf1 f5 30. h3 a5 31. g4 fxg4 32. hxg4 Re4 33. a3 Kd6
34. c4 1/2-1/2

[Event "?"]
[Site "?"]
[Date "????.??.??"]
[Round "?"]
[White "Schroeder, C."]
[Black "Ehlert, J."]
[Result "1/2-1/2"]
[WhiteElo "2055"]
[BlackElo "2029"]
[PlyCount "49"]

1. d4 Nf6 2. c4 g6 3. Nc3 Bg7 4. e4 d6 5. f3 O-O 6. Bg5 Nbd7 7. Qd2 c5 8. d5 a6
9. Nge2 Qa5 10. g4 Ne5 11. Ng1 Re8 12. h3 Rb8 13. f4 Ned7 14. Nf3 e6 15. dxe6
Rxe6 16. O-O-O b5 17. f5 Re8 18. Bxf6 Bxf6 19. g5 Bxc3 20. Qxc3 Qxa2 21. cxb5
Qa1+ 22. Kc2 Qa4+ 23. Kc1 Qxe4 24. fxg6 hxg6 25. bxa6 1/2-1/2

[Event "?"]
[Site "?"]
[Date "????.??.??"]
[Round "?"]
[White "Kalmutzki, M."]
[Black "Kuehn, P."]
[Result "1/2-1/2"]
[WhiteElo "1990"]
[BlackElo "2048"]
[PlyCount "21"]
[EventDate "2006.02.24"]

1. d4 Nf6 2. Nf3 d6 3. c4 g6 4. Nc3 Bg7 5. e4 O-O 6. Bg5 h6 7. Bf4 Nbd7 8. Qd2
Kh7 9. Be2 c5 10. d5 a6 11. O-O 1/2-1/2

[Event "?"]
[Site "?"]
[Date "????.??.??"]
[Round "?"]
[White "Appelt, G."]
[Black "Pape, M."]
[Result "0-1"]
[WhiteElo "2054"]
[BlackElo "2222"]
[PlyCount "82"]
[EventDate "2006.02.24"]

1. e4 c6 2. d4 g6 3. Be3 Bg7 4. c3 d6 5. Bd3 Nf6 6. f3 O-O 7. Ne2 e5 8. O-O
Nbd7 9. Na3 d5 10. Ng3 dxe4 11. fxe4 exd4 12. cxd4 Nb6 13. Be2 Qe7 14. Bf3 Rd8
15. Qe2 Be6 16. Rfd1 Ne8 17. Qf2 Nc7 18. Ne2 f5 19. e5 g5 20. Nc3 g4 21. Be2
Ncd5 22. Bd2 Rf8 23. Nc2 Rf7 24. Be1 Bh6 25. Bd2 Bg5 26. Nxd5 Nxd5 27. Ne3 Nxe3
28. Bxe3 f4 29. Bd2 Bh4 30. Qf1 f3 31. Bc4 fxg2 32. Qe2 g3 33. Be3 Kh8 34. Bxe6
gxh2+ 35. Kxh2 Qxe6 36. Qh5 Bf2 37. Bxf2 Rxf2 38. Qh4 g1=Q+ 39. Kxg1 Rf5 40.
Rd2 Rg8+ 41. Kh2 Qg6 0-1

[Event "?"]
[Site "?"]
[Date "????.??.??"]
[Round "?"]
[White "Gafke, H."]
[Black "Grabitz, G."]
[Result "0-1"]
[WhiteElo "1935"]
[BlackElo "2065"]
[PlyCount "69"]

1. d4 g6 2. c4 Bg7 3. Nc3 Nf6 4. e4 d6 5. h3 O-O 6. Nf3 e5 7. d5 Nbd7 8. Be3 a5
9. Bd3 b6 10. O-O Nc5 11. Bc2 Nh5 12. Qd2 f5 13. exf5 gxf5 14. Bh6 Qf6 15. Bxg7
Qxg7 16. Kh1 Kh8 17. Rg1 Nf4 18. Nh2 Bd7 19. Qe3 Rg8 20. g4 Qf7 21. Bxf5 Bxf5
22. gxf5 Qxf5 23. h4 Nh3 24. Rxg8+ Rxg8 25. Rf1 Nd3 26. Nd1 Ndf4 27. Qf3 Qg6
28. Qg3 Qc2 29. Qf3 Qg6 30. Qg3 Qf6 31. Qf3 Qxh4 32. Ne3 Nd3 33. Neg4 Rxg4 34.
Nxg4 Ndxf2+ 35. Rxf2 0-1

[Event "?"]
[Site "?"]
[Date "????.??.??"]
[Round "?"]
[White "Wilson, P."]
[Black "Denda, R."]
[Result "1/2-1/2"]
[WhiteElo "2070"]
[BlackElo "2054"]
[PlyCount "21"]
[EventDate "2006.02.24"]

1. e4 e5 2. f4 exf4 3. Nf3 Be7 4. Bc4 Bh4+ 5. Kf1 d5 6. Bxd5 Nf6 7. Bxf7+ Kxf7
8. Nxh4 Nxe4 9. Nf3 Qf6 10. d3 Rd8 11. Qe1 1/2-1/2

[Event "?"]
[Site "?"]
[Date "????.??.??"]
[Round "?"]
[White "Schwertel, J."]
[Black "Pemberton, C."]
[Result "1/2-1/2"]
[WhiteElo "2039"]
[BlackElo "1942"]
[PlyCount "136"]

1. d4 Nf6 2. Nf3 e6 3. Bg5 Bb4+ 4. c3 Be7 5. Nbd2 d5 6. e3 O-O 7. Bd3 h6 8. Bh4
Nbd7 9. O-O b6 10. Qe2 Bb7 11. Rac1 c5 12. Rcd1 Ne4 13. Bxe7 Qxe7 14. Ne1 Ndf6
15. Nxe4 dxe4 16. Ba6 cxd4 17. exd4 Bc6 18. Bb5 Bb7 19. f3 a6 20. Ba4 b5 21.
Bc2 exf3 22. Nxf3 Bd5 23. Bb3 Rac8 24. Bxd5 Nxd5 25. Ne5 Qg5 26. Rf3 Nf4 27.
Qf2 f6 28. h4 Qh5 29. Nd7 Rfd8 30. Rf1 Rxd7 31. Rxf4 Rd5 32. a3 Rcd8 33. Qg3
Kh7 34. Re1 Qf7 35. Qf3 Re8 36. Rfe4 e5 37. dxe5 Rdxe5 38. Rxe5 Rxe5 39. Qd3+
Kg8 40. Qd8+ Kh7 41. Rd1 Re8 42. Qd3+ Kh8 43. a4 Qc4 44. Qxc4 bxc4 45. Rd4 Re2
46. Rxc4 Rxb2 47. Rc6 Rc2 48. a5 Kh7 49. h5 Kg8 50. c4 Kf8 51. c5 Ke8 52. Rxa6
Rxc5 53. Ra8+ Ke7 54. a6 Ra5 55. a7 Kf7 56. Kf2 Ra3 57. g4 Ra1 58. Ke3 Ra2 59.
Kd4 Ra1 60. Kc3 Ra6 61. Kb3 Ra1 62. Kb2 Ra6 63. Kc3 Ra1 64. Kb4 Ra6 65. Kb5 Ra1
66. Kb6 Rb1+ 67. Kc6 Rc1+ 68. Kd6 Rd1+ 1/2-1/2

[Event "?"]
[Site "?"]
[Date "????.??.??"]
[Round "?"]
[White "Flockhart, H."]
[Black "Degenhardt, N."]
[Result "1/2-1/2"]
[WhiteElo "1887"]
[BlackElo "2134"]
[PlyCount "66"]
[EventDate "2006.02.24"]

1. e4 c5 2. Nf3 Nc6 3. c3 d5 4. e5 e6 5. d4 Nge7 6. Bd3 c4 7. Bc2 Ng6 8. O-O
Be7 9. Re1 b5 10. Nbd2 Bd7 11. Nf1 Qc7 12. Ng5 Bxg5 13. Bxg5 Nce7 14. Ng3 h6
15. Bxe7 Kxe7 16. Qg4 Be8 17. f4 Kd8 18. f5 exf5 19. Bxf5 Rg8 20. Re3 Nf8 21.
Rf1 Qe7 22. Qf3 Qb7 23. e6 fxe6 24. Bxe6 Nxe6 25. Rxe6 Rc8 26. Rd6+ Kc7 27.
Rxd5 Bc6 28. Qf7+ Kb6 29. Qxb7+ Kxb7 30. Rf7+ Rc7 31. Rdf5 Rgc8 32. Rf2 Bd5 33.
R7f5 Rd8 1/2-1/2

[Event "?"]
[Site "?"]
[Date "????.??.??"]
[Round "?"]
[White "Jaeger, E."]
[Black "Macgilchrist, S."]
[Result "1-0"]
[WhiteElo "2070"]
[BlackElo "1842"]
[PlyCount "108"]

1. d4 Nf6 2. c4 e6 3. Nc3 Bb4 4. Qc2 b6 5. f3 O-O 6. e4 d6 7. Bd3 e5 8. d5 Nbd7
9. a3 Bxc3+ 10. Qxc3 h6 11. Ne2 Nh7 12. Be3 Qh4+ 13. Bf2 Qg5 14. g4 Qf6 15. Bc2
Ng5 16. Ng1 Nc5 17. h4 Nh7 18. Be3 Qe7 19. O-O-O Bd7 20. Qd2 f6 21. Ne2 b5 22.
b4 Nb7 23. Rdg1 g5 24. hxg5 hxg5 25. Rh6 Kg7 26. Rgh1 Rh8 27. Ng3 Rag8 28. Qh2
bxc4 29. Rxh7+ Rxh7 30. Qxh7+ Kf8 31. Qxe7+ Kxe7 32. Rh7+ Kd8 33. Bxa7 Be8 34.
Nf5 Bg6 35. Rg7 Rxg7 36. Nxg7 Kc8 37. Kb2 Nd8 38. Ba4 Kb7 39. Be3 c6 40. Bxc6+
Nxc6 41. dxc6+ Kxc6 42. a4 Bf7 43. b5+ Kb7 44. Nf5 Kc7 45. b6+ Kc6 46. Ne7+ Kd7
47. Nd5 Kc6 48. Kc3 Be6 49. Nb4+ Kb7 50. a5 Bd7 51. a6+ Kb8 52. Kxc4 Ba4 53.
Kd5 Bd1 54. Nc6+ Ka8 1-0

[Event "?"]
[Site "?"]
[Date "????.??.??"]
[Round "?"]
[White "Mueller, S."]
[Black "Standal, B."]
[Result "1/2-1/2"]
[WhiteElo "2055"]
[BlackElo "1935"]
[PlyCount "32"]
[EventDate "2006.02.24"]

1. Nc3 g6 2. e4 Bg7 3. d4 d6 4. Be3 Nc6 5. Bb5 Bd7 6. Qd2 e5 7. Nf3 Nf6 8. h3
O-O 9. g4 exd4 10. Nxd4 Nxd4 11. Bxd4 Bxb5 12. Nxb5 Nxe4 13. Qd3 Bxd4 14. Qxd4
Re8 15. O-O-O a6 16. Nc3 Nxc3 1/2-1/2

[Event "?"]
[Site "?"]
[Date "????.??.??"]
[Round "?"]
[White "Vasiukov, E."]
[Black "Gutman, L."]
[Result "1-0"]
[WhiteElo "2493"]
[BlackElo "2465"]
[PlyCount "93"]
[EventDate "2006.02.24"]

1. e4 c5 2. Nf3 e6 3. c4 Nc6 4. Nc3 Nge7 5. d4 Nxd4 6. Nxd4 cxd4 7. Qxd4 Nc6 8.
Qe3 Nb4 9. Qd2 Be7 10. Be2 O-O 11. O-O b6 12. Rd1 a6 13. b3 Ra7 14. a3 Nc6 15.
Rb1 Bf6 16. Bf1 Rc7 17. Qe3 Bb7 18. Bb2 Be5 19. Na4 f5 20. exf5 Rxf5 21. Bxe5
Nxe5 22. f4 b5 23. Nc3 Nf7 24. cxb5 g5 25. fxg5 axb5 26. Rb2 Re5 27. Qd4 Qxg5
28. Rd3 Qe7 29. Rf2 Rg5 30. Qh4 Rcc5 31. Rh3 h6 32. b4 Rce5 33. Nxb5 Re1 34.
Rg3 Rd1 35. Nc3 Ra1 36. a4 Qd6 37. Rxg5+ hxg5 38. Qh5 Qf8 39. a5 Qg7 40. Ne2
Nd6 41. Ng3 Bd5 42. h3 Rb1 43. Qg4 Qe5 44. h4 Rb3 45. Nh5 Rb1 46. Nf4 Rxb4 47.
hxg5 {Rest nicht nachvollziehbar} 1-0

[Event "?"]
[Site "?"]
[Date "????.??.??"]
[Round "?"]
[White "Klundt, K."]
[Black "Arkhangelsky, B."]
[Result "1-0"]
[WhiteElo "2381"]
[BlackElo "2384"]
[PlyCount "85"]
[EventDate "2006.02.24"]

1. e4 c5 2. Nf3 d6 3. d4 cxd4 4. Nxd4 Nf6 5. Nc3 Nc6 6. Be2 g6 7. Be3 Bg7 8.
O-O O-O 9. Kh1 d5 10. exd5 Nb4 11. Bf3 Nbxd5 12. Nxd5 Nxd5 13. Bg5 h6 14. Bc1
e5 15. Nf5 Bxf5 16. Bxd5 Qc7 17. c4 Rfd8 18. Qb3 Rd7 19. Be3 Kh7 20. Rfd1 h5
21. a4 Bh6 22. Bxh6 Kxh6 23. Re1 Kh7 24. Qe3 Re7 25. a5 a6 26. h3 Rd8 27. Ra3
Bc8 28. b4 f5 29. f3 f4 30. Qf2 Bf5 31. Ra2 Kg7 32. Qb2 Kh6 33. b5 axb5 34.
Qxb5 e4 35. fxe4 f3 36. Qb6 Qc8 37. gxf3 Bxh3 38. Rg1 Rg7 39. Rh2 Rf8 40. Rg3
Bd7 41. Rhg2 Be8 42. Qd6 h4 43. Rg4 1-0

[Event "?"]
[Site "?"]
[Date "????.??.??"]
[Round "?"]
[White "Bachmann, K."]
[Black "Rahls, P."]
[Result "1-0"]
[WhiteElo "2304"]
[BlackElo "2334"]
[PlyCount "81"]

1. d4 c5 2. d5 e5 3. e4 d6 4. Bb5+ Nd7 5. a4 a6 6. Bd3 Be7 7. Nf3 Ngf6 8. Nfd2
O-O 9. a5 Ne8 10. Nc4 Bg5 11. Nbd2 g6 12. O-O Ndf6 13. Nb6 Rb8 14. Nxc8 Rxc8
15. Nc4 Bxc1 16. Qxc1 Nh5 17. g3 Rc7 18. Qh6 Qd7 19. f3 Neg7 20. Rf2 Qe7 21. f4
exf4 22. gxf4 Rd7 23. f5 Qh4 24. Raf1 Ne8 25. e5 f6 26. fxg6 Rg7 27. Rf4 Qxf4
28. Rxf4 Nxf4 29. Qxf4 fxe5 30. Qg4 Rf6 31. Qc8 Kf8 32. Nb6 Rf4 33. Qe6 hxg6
34. Nd7+ Rxd7 35. Qxd7 e4 36. Be2 Rf5 37. Qxb7 Nf6 38. Qxa6 Nxd5 39. Qc8+ Ke7
40. a6 Nf4 41. Bg4 1-0

[Event "?"]
[Site "?"]
[Date "????.??.??"]
[Round "?"]
[White "Erenska-Barlo, H."]
[Black "Rosen, W."]
[Result "0-1"]
[WhiteElo "2291"]
[BlackElo "2268"]
[PlyCount "74"]

1. e4 c5 2. c3 Nf6 3. e5 Nd5 4. Nf3 Nc6 5. Bc4 e6 6. O-O d6 7. d4 dxe5 8. dxe5
Be7 9. Qe2 Qc7 10. Rd1 Nb6 11. Na3 a6 12. Bd3 h6 13. Bf4 Bd7 14. Nd2 Nc8 15.
Ndc4 b5 16. Nd6+ Nxd6 17. exd6 Qb8 18. Bxb5 axb5 19. Nxb5 Bf6 20. Nc7+ Kf8 21.
Nxa8 Qxa8 22. Qc4 g5 23. Be3 h5 24. Bxc5 h4 25. Rd2 h3 26. f4 gxf4 27. Qxf4 Be5
28. Qf3 Qa4 29. b4 Bxh2+ 30. Kf1 Ne5 31. Qf6 Qb5+ 32. Ke1 Bg3+ 33. Bf2 Bxf2+
34. Rxf2 Rh5 35. Qd8+ Kg7 36. Qf6+ Kg8 37. g4 h2 0-1

[Event "?"]
[Site "?"]
[Date "????.??.??"]
[Round "?"]
[White "Nautsch, W."]
[Black "Brameyer, H."]
[Result "1/2-1/2"]
[WhiteElo "2297"]
[BlackElo "2242"]
[PlyCount "48"]

1. d4 d5 2. c4 c6 3. Nf3 Nf6 4. Nc3 e6 5. Bg5 Nbd7 6. cxd5 exd5 7. e3 Be7 8.
Bd3 O-O 9. O-O Re8 10. Rc1 Ne4 11. Bf4 Ndf6 12. Ne5 Nxc3 13. Rxc3 Bd6 14. a3
Ne4 15. Bxe4 dxe4 16. Qb3 Qe7 17. Bg3 Be6 18. Qc2 Bd5 19. Qe2 Rad8 20. Qg4 f6
21. Nc4 Bxc4 22. Rxc4 Qf7 23. Rfc1 Bf8 24. Qe2 Rd5 1/2-1/2

[Event "?"]
[Site "?"]
[Date "????.??.??"]
[Round "?"]
[White "Lieb, H."]
[Black "Neese, H-J."]
[Result "1/2-1/2"]
[WhiteElo "2242"]
[BlackElo "2244"]
[PlyCount "116"]

1. d4 Nf6 2. c4 e6 3. Nf3 b6 4. g3 Bb7 5. Bg2 Bb4+ 6. Bd2 Qe7 7. O-O O-O 8. Bg5
h6 9. Bc1 d5 10. a3 Bd6 11. cxd5 exd5 12. Nc3 c6 13. Nh4 Bc8 14. Qc2 Re8 15.
Nf5 Bxf5 16. Qxf5 Nbd7 17. Re1 Qe6 18. Qxe6 Rxe6 19. Bf4 Bxf4 20. gxf4 Rae8 21.
e3 Rd6 22. Red1 Kf8 23. Rac1 Ne4 24. b4 f5 25. h4 Ndf6 26. Na4 Rc8 27. Rc2 g6
28. Rdc1 b5 29. Nb2 Nd7 30. Bf1 a6 31. a4 bxa4 32. Bxa6 Rb8 33. Nd3 c5 34. b5
c4 35. Ne5 Nb6 36. Kg2 Kg7 37. Ra2 Nf6 38. Nc6 Re8 39. Nb4 Re7 40. Ra3 Rc7 41.
Na2 Ne4 42. f3 Nf6 43. Nc3 Re6 44. Kf2 Rce7 45. Nd1 Ne8 46. Rcc3 Nc7 47. Nb2
Nxa6 48. bxa6 Ra7 49. Nxa4 Nxa4 50. Rxa4 Rexa6 51. Rxa6 Rxa6 52. e4 Ra2+ 53.
Ke3 dxe4 54. fxe4 Rh2 55. e5 Rh3+ 56. Kd2 Rh2+ 57. Ke3 Rh3+ 58. Kd2 Rh2+
1/2-1/2

[Event "?"]
[Site "?"]
[Date "????.??.??"]
[Round "?"]
[White "Westerinen, H."]
[Black "Murey, J."]
[Result "0-1"]
[WhiteElo "2382"]
[BlackElo "2472"]
[PlyCount "103"]
[EventDate "2006.02.24"]

1. e4 c5 2. Nf3 Nf6 3. e5 Nd5 4. Nc3 Nxc3 5. dxc3 Nc6 6. Bf4 h6 7. Bc4 e6 8. h4
Qb6 9. Rb1 Qa5 10. a3 b5 11. Bd3 b4 12. Nd2 bxc3 13. Nc4 Qc7 14. bxc3 Ba6 15.
Nd6+ Bxd6 16. exd6 Qa5 17. Rh3 Bxd3 18. Qxd3 Qxa3 19. h5 Qa4 20. Bd2 Qg4 21.
Kf1 c4 22. Qe3 Qf5 23. Qe2 O-O 24. Rg3 Rab8 25. Re1 Kh7 26. Qxc4 Qb5 27. Qd3+
Qxd3+ 28. cxd3 Rb5 29. Rh3 Rfb8 30. c4 Rb2 31. Be3 a5 32. d4 Nb4 33. Ra1 Ra8
34. Ra4 Rc2 35. c5 Nc6 36. g4 Rb8 37. Rf3 f6 38. Bf4 Rb4 39. Rfa3 Nxd4 40. Rxa5
Nc6 41. R5a4 Rxa4 42. Rxa4 Rxc5 43. Ra2 Rc4 44. Be3 Kg8 45. f3 Kf7 46. Ke2 f5
47. gxf5 exf5 48. f4 Re4 49. Kf3 Rb4 50. Rd2 Rb1 51. Kg2 Ke6 52. Kh2 0-1

[Event "?"]
[Site "?"]
[Date "????.??.??"]
[Round "?"]
[White "Kanko, I."]
[Black "Rodkin, R."]
[Result "1-0"]
[WhiteElo "2227"]
[BlackElo "2233"]
[PlyCount "107"]
[EventDate "2006.02.24"]

1. d4 Nf6 2. c4 c5 3. d5 d6 4. Nc3 g6 5. e4 Bg7 6. Be2 O-O 7. Nf3 e6 8. Nd2 Na6
9. O-O Nc7 10. f4 exd5 11. cxd5 b6 12. a4 Re8 13. Kh1 Ba6 14. Bxa6 Nxa6 15. Qf3
Nb4 16. Nc4 Qd7 17. Bd2 Rad8 18. Na3 Qg4 19. a5 Re7 20. axb6 axb6 21. Nc4 Rb7
22. Nb5 Nc2 23. Ra6 Qd7 24. Ncxd6 Nd4 25. Nxd4 Qxd6 26. Nc6 Re8 27. Ne5 Qf8 28.
Bc3 b5 29. b3 h5 30. Re1 b4 31. Bd2 Ra8 32. Qd3 Rba7 33. Rxa7 Rxa7 34. h3 Qa8
35. Kh2 Ra2 36. d6 Qa6 37. Qxa6 Rxa6 38. Nc4 Nd7 39. e5 Kf8 40. g4 hxg4 41.
hxg4 Ra2 42. Kg3 g5 43. e6 fxe6 44. Rxe6 Bc3 45. Be3 gxf4+ 46. Kxf4 Bf6 47. g5
Bd8 48. Kf5 Ra1 49. Rh6 Kg7 50. Ke6 Nb6 51. Ne5 Rb1 52. g6 Rxb3 53. Rh7+ Kg8
54. Bh6 1-0